Los productores directos en el siglo del café /

Enregistré dans:
Détails bibliographiques
Auteur principal: Samper Kutschbach, Mario
Format: Texte
Tags: Ajouter un tag
Pas de tags, Soyez le premier à ajouter un tag!

MARC

LEADER 00000 a a2200000 04500
001 15715
003
040
100 |a Samper Kutschbach, Mario  
245 |a Los productores directos en el siglo del café /  |c Mario Samper Kutschbach 
773 |g número 7; páginas 123-210  
999 |c 24730  |d 24730